| 000 | 00404nam a2200145 a 4500 | ||
|---|---|---|---|
| 001 | 3401 | ||
| 003 | CDMR | ||
| 005 | 20130116135244.0 | ||
| 008 | 130130s1983||||||||||||||||||||||||||||d | ||
| 040 |
_aCDMR _bcat _cCPC GIRONA |
||
| 100 | 1 |
_aCalzada, Josep _92449 |
|
| 245 | 1 | 0 |
_aSant Tomàs de Fluvià _bLa història, el monument i les pintures _cCalzada, Josep |
| 260 |
_c1983 _bDiputació de Girona |
||
| 942 | _cMON | ||
| 999 |
_c3401 _d3401 |
||